000 003600000a22000970004500
100 1 _aMiller, Dave
245 1 0 _aEvery-student evangelism : Two-month pilot project targes all 19.000 students at Bilivian university with remarkable results
300 _aVol. 71, Num. 4 (Octubre-Diciembre, 1991), Páginas 12-14
773 0 _tLatin America Evangelist
942 _cANA
999 _c54611
_d54611